LEADER 03767nam 2200685 450 001 9910788806103321 005 20230807211021.0 010 $a3-11-040256-4 010 $a3-11-040262-9 024 7 $a10.1515/9783110402568 035 $a(CKB)3360000000516001 035 $a(EBL)2028737 035 $a(SSID)ssj0001540716 035 $a(PQKBManifestationID)11906326 035 $a(PQKBTitleCode)TC0001540716 035 $a(PQKBWorkID)11534361 035 $a(PQKB)10813432 035 $a(DE-B1597)443807 035 $a(OCoLC)1013939459 035 $a(OCoLC)910582088 035 $a(DE-B1597)9783110402568 035 $a(MiAaPQ)EBC2028737 035 $a(Au-PeEL)EBL2028737 035 $a(CaPaEBR)ebr11049393 035 $a(CaONFJC)MIL807264 035 $a(OCoLC)909903318 035 $a(EXLCZ)993360000000516001 100 $a20150509h20152015 uy 0 101 0 $ager 135 $aur|n|---||||| 181 $ctxt 182 $cc 183 $acr 200 10$aSpruchverfahren nach Squeeze-out $eempirische Daten zu Spruchverfahren nach Squeeze-out (?327f AktG) - 1. Januar 2002 bis 31. Dezember 2013 /$fMartin Weimann, Verbraucherzentrale fu?r Kapitalanleger e.V 210 1$aBerlin, [Germany] ;$aBoston, Massachusetts :$cWalter de Gruyter GmbH,$d2015. 210 4$d©2015 215 $a1 online resource (484 p.) 300 $aIncludes index. 311 $a3-11-040250-5 327 $tFrontmatter -- $tVorwort -- $tInhaltsverzeichnis -- $tAbkürzungsverzeichnis -- $tGegenstand der Untersuchung -- $tWesentliche Ergebnisse -- $tTeil 1 Einführung -- $tTeil 2 Tatsächlicher Untersuchungsrahmen -- $tTeil 3 Datenanalysen zum Rechtsschutzsystem -- $tTeil 4 Datenanalysen zum Ausgang der Spruchverfahren -- $tTeil 5 Datenanalysen zum Ablauf von Squeeze-out-Verfahren -- $tTeil 6 Datenanalyse zu Einzelfragen der Unternehmensbewertung -- $tTeil 7 Ergebnis - Vorschläge für die Praxis -- $tTeil 8 Tabellen- und Abbildungsverzeichnis -- $tStichwortverzeichnis 330 $aDas Spruchverfahren ist die für Anleger wesentliche Verfahrensart, um - etwa nach dem Ausschluss im Rahmen eines aktienrechtlichen Squeeze-outs - die Höhe Ihrer Barabfindung überprüfen zu lassen. Hier sind nicht selten große wirtschaftliche Werte involviert. Das Handbuch bietet nun die bei weitem umfassendste Auswertung dieser Spruchverfahren. Zu über 400 Squeeze-outs und den anschließenden Spruchverfahren bis einschließlich 31. Dezember 2013 wurden hierbei von der Verbraucherzentrale für Kapitalanleger e.V. bis zu 75 Daten systematisch erfasst und analysiert - ein Daten- und Faktenfundus, der für die Spruchverfahrens-Praxis von immensem Wert ist und am Markt Seinesgleichen sucht. Vor allem die Aufstellungen zu den von den Gerichten bei der Diskontierung festgesetzten Zinssätzen und die zahlreichen Praxistipps sind hier von besonderem Interesse. 606 $aConsolidation and merger of corporations$xLaw and legislation$zGermany 606 $aTender offers (Securities)$xLaw and legislation$zGermany 606 $aMinority stockholders$xLegal status, laws, etc$zGermany 606 $aCorporate reorganizations$zGermany 615 0$aConsolidation and merger of corporations$xLaw and legislation 615 0$aTender offers (Securities)$xLaw and legislation 615 0$aMinority stockholders$xLegal status, laws, etc. 615 0$aCorporate reorganizations 676 $a346.4306626 686 $aPG 600$2rvk 700 $aWeimann$b Martin$01183100 712 02$aVerbraucherzentrale für Kapitalanleger e.V 801 0$bMiAaPQ 801 1$bMiAaPQ 801 2$bMiAaPQ 906 $aBOOK 912 $a9910788806103321 996 $aSpruchverfahren nach Squeeze-out$93853051 997 $aUNINA LEADER 02667nam 22005655 450 001 9910800136703321 005 20240214050423.0 010 $a9783779956631 010 $a3779956632 035 $a(CKB)5590000000441176 035 $a600eff43-dcac-4c97-a189-648bb0dd2d03 035 $a(ScCtBLL)aebdb2dc-8f6d-46ee-b782-83bdda21620a 035 $a(EXLCZ)995590000000441176 100 $a20211124d2021 ||| | 101 0 $ager 135 $auruuu---uuuuu 181 $ctxt$2rdacontent 182 $cc$2rdamedia 183 $acr$2rdacarrier 200 10$aDie Verwaltung des Falles $eDie Rekonstruktion institutioneller Handlungsvollzüge 205 $a1. Aufl. 210 31$aWeinheim$cBeltz Verlagsgruppe$d2021 215 $aOnline-Ressource (133 S.) 300 $aPublicationDate: 20211124 311 08$a9783779963578 311 08$a3779963574 330 $aBiographical note: Prof. Dr. Mechthild Bereswill lehrt Soziologie sozialer Differenzierung und Soziokultur an der Universität Kassel. Patrik Müller-Behme, Dipl.-Sozialwiss., ist Postdoktorand im Fachgebiet Soziologie soziale Differenzierung und Soziokultur am Fachbereich Humanwissenschaften der Universität Kassel. Seine Arbeitsschwerpunkte sind Soziologie sozialer Probleme und sozialer Kontrolle, Akten- und Dokumentenanalyse, Diskursanalyse. 330 $aLong description: In einer soziologischen Grundlagenforschung wurden auf Basis von personenbezogenen Akten aus der Heimerziehung der 1950er bis 1970er Jahre Entscheidungen, Legitimationsprozesse und Handlungsvollzüge analysiert und typische Mechanismen der Sozialverwaltung rekonstruiert. In der Monografie werden die Ergebnisse des abgeschlossenen Forschungsprojektes gebündelt. Die Herstellung und Verwaltung eines Falles wird mit Hilfe einer textwissenschaftlichen Perspektive auf die Aktenförmigkeit von sozialbürokratischen Entscheidungsprozessen analysiert und theoretisch reflektiert. 606 $aSoziologie$2gnd 606 $aWissen$2gnd 606 $aWissenssoziologie$2gnd 606 $aEntscheidungsprozess$2gnd 606 $aHeimerziehung$2gnd 606 $aVerwaltungsakt$2gnd 610 00$aEntscheidungsprozess 615 07$aSoziologie. 615 07$aWissen. 615 07$aWissenssoziologie. 615 07$aEntscheidungsprozess. 615 07$aHeimerziehung. 615 07$aVerwaltungsakt. 700 $aBereswill$b Mechthild$4aut$01249749 702 $aBuhr$b Henrike$4aut 702 $aMüller-Behme$b Patrik$4aut 801 0$bScCtBLL 801 1$bScCtBLL 906 $aBOOK 912 $a9910800136703321 996 $aDie Verwaltung des Falles$93877306 997 $aUNINA LEADER 02247nas 2200661-- 450 001 9910895632803321 005 20260218110335.0 011 $a2002-4185 035 $a(DE-599)ZDB3161930-7 035 $a(CKB)110978977970398 035 $a(CONSER)---52042670- 035 $a(DE-599)3161930-7 035 $a(EXLCZ)99110978977970398 100 $a20750806a19459999 --- a 101 0 $aswe 181 $ctxt$2rdacontent 182 $cc$2rdamedia 183 $acr$2rdacarrier 200 00$aArv 210 $aStockholm$cAlmqvist & Wiksell 215 $a1 online resource 300 $aRefereed/Peer-reviewed 300 $aSubtitle varies: 1945-1978, Tidskrift för nordisk folkminnesforskning; 1979-1992, Scandinavian yearbook of folklore; 1993- Nordic yearbook of folklore. 311 08$aPrint version: Arv. (DLC) 52042670 (OCoLC)1514391 0066-8176 517 1 $aNordic yearbook of folklore 531 0 $aArv 606 $aFolklore$vPeriodicals 606 $aFolklore$zScandinavia$vPeriodicals 606 $aFolklore$zSweden$vPeriodicals 606 $aManners and customs$vPeriodicals 606 $aFolklore$2fast$3(OCoLC)fst00930306 606 $aManners and customs$2fast$3(OCoLC)fst01007815 606 $aVolkscultuur$2gtt 606 $aFolklore$zScandinavia$vPeriodicals$2nli 606 $aFolklore$vPeriodicals$2nli 607 $aScandinavia$xSocial life and customs$vPeriodicals 607 $aSweden$xSocial life and customs$vPeriodicals 607 $aScandinavia$2fast$1https://id.oclc.org/worldcat/entity/E39PBJpPCGQRXGcPmdjv6cCRKd 607 $aSweden$2fast$1https://id.oclc.org/worldcat/entity/E39QbtfRmFKpvRPQrQfjc7kBGB 608 $aPeriodicals.$2fast 608 $aFolklore.$2gsafd 608 $aPeriodicals.$2lcgft 615 0$aFolklore 615 0$aFolklore 615 0$aFolklore 615 0$aManners and customs 615 7$aFolklore. 615 7$aManners and customs. 615 17$aVolkscultuur. 615 7$aFolklore 615 7$aFolklore 676 $a398.0948 712 02$aKungl. Gustav Adolfs akademien (Uppsala, Sweden) 906 $aJOURNAL 912 $a9910895632803321 920 $aexl_impl conversion 996 $aArv$94231099 997 $aUNINA